000 00822nam a2200253Ia 4500
003 OSt
005 20220926021005.0
006 a|||||r|||| 00| 0
007 ta
008 220923b |||||||| |||| 00| 0 eng d
020 _c3491.54
037 _b1053/DM169.00, 27/04/2000, Efficient
_cGeneral Book
040 _aRTL
_cRTL
_beng
041 _2eng
_aeng
082 _aU:(G:55), N9
100 _aMiller Alan
_9325533
245 0 _aEnvironmental problem solving
_b Psychosocial barriers
260 _aNew York
_bSpringer-Verlat U S A
_c1999
300 _axiii,239p.
_ccm.
490 _aSpringer Series On Environmental Management
650 _aGeography - Environment
_9229896
942 _hU:(G:55), N9
_cGB
_2CC
999 _c635397
_d635397